Dead cold / (Record no. 9743)

MARC details
000 -LEADER
fixed length control field 00809nam a22002777a 4500
001 - CONTROL NUMBER
control field 9743
003 - CONTROL NUMBER IDENTIFIER
control field FISKH
005 - DATE AND TIME OF LATEST TRANSACTION
control field 20260204122049.0
008 - FIXED-LENGTH DATA ELEMENTS--GENERAL INFORMATION
fixed length control field 260204b cb ||||| |||| 00| 0 eng d
020 ## - INTERNATIONAL STANDARD BOOK NUMBER
International Standard Book Number 9780521734530
040 ## - CATALOGING SOURCE
Original cataloging agency FISKH
Language of cataloging eng
Transcribing agency FISKH
Modifying agency FISKH
082 ## - DEWEY DECIMAL CLASSIFICATION NUMBER
Classification number 428.64
100 ## - MAIN ENTRY--PERSONAL NAME
Personal name Leather , Sue
Relator term Author
245 ## - TITLE STATEMENT
Title Dead cold /
Statement of responsibility, etc. By Sue Leather
250 ## - EDITION STATEMENT
Edition statement First published 2006
260 ## - PUBLICATION, DISTRIBUTION, ETC.
Place of publication, distribution, etc. Cambridge, UK :
Name of publisher, distributor, etc. Cambridge University Press ,
Date of publication, distribution, etc. 2006 .
300 ## - PHYSICAL DESCRIPTION
Extent 48 pages :
Other physical details illustrations ;
Dimensions 20 cm .
490 ## - SERIES STATEMENT
Series statement Cambridge English readers
Volume/sequential designation Level 2
505 ## - FORMATTED CONTENTS NOTE
Formatted contents note O <br/>
521 8# - TARGET AUDIENCE NOTE
Target audience note 600 <br/>
Source Lexile estimate <br/>
521 8# - TARGET AUDIENCE NOTE
Target audience note O <br/>
Source Raz-Plus <br/>
700 ## - ADDED ENTRY--PERSONAL NAME
Personal name Prowse , Philip
Relator term Series Editor
700 ## - ADDED ENTRY--PERSONAL NAME
Personal name McCaffery , Paul
Relator term Illustrator
942 ## - ADDED ENTRY ELEMENTS (KOHA)
Source of classification or shelving scheme Dewey Decimal Classification
Koha item type Books
Suppress in OPAC No
Holdings
Withdrawn status Lost status Source of classification or shelving scheme Damaged status Not for loan Collection Home library Current library Shelving location Date acquired Total Checkouts Full call number Barcode Date last seen Price effective from Koha item type
    Dewey Decimal Classification     Juvenile Fiction Footprints International School Library Network Toul Tom Poung Campus Footprints International School Library Network Toul Tom Poung Campus TTP Primary Yellow Bookshelves 02/04/2026   LEA 428.64 FIS04189 02/04/2026 02/04/2026 Books